000
00288nam a22001217a 4500
040
_c
SY
082
_a
630
100
_a
NEANG SOKHORN; នាង សុឃន
245
_a
ផ្សព្វផ្សាយកសិកម្ម
260
_a
RUA
_b
NEA
_c
2011
300
_a
40p.
942
_c
KB
999
_c
9430
_d
9430